UM Logo

Ethics for the professions/ (Record no. 2842)

MARC details
000 -LEADER
fixed length control field 00544nam a22001817a 4500
008 - FIXED-LENGTH DATA ELEMENTS--GENERAL INFORMATION
fixed length control field 160527b xxu||||| |||| 00| 0 eng d
020 ## - INTERNATIONAL STANDARD BOOK NUMBER
International Standard Book Number 9812544674
082 ## - DEWEY DECIMAL CLASSIFICATION NUMBER
Edition number 2003
Classification number DC 174
Item number R78
100 ## - MAIN ENTRY--PERSONAL NAME
9 (RLIN) 9446
Personal name Rowan, John R.
245 ## - TITLE STATEMENT
Title Ethics for the professions/
Statement of responsibility, etc. John R. Rowan and Samuel Zinaich, Jr.
260 ## - PUBLICATION, DISTRIBUTION, ETC. (IMPRINT)
Place of publication, distribution, etc. Australia:
Name of publisher, distributor, etc. Thompson Learning,
Date of publication, distribution, etc. c2003.
300 ## - PHYSICAL DESCRIPTION
Extent ix, 445 pages;
Dimensions 23 cm.
500 ## - GENERAL NOTE
General note Includes index.
650 #0 - SUBJECT ADDED ENTRY--TOPICAL TERM
9 (RLIN) 9448
Topical term or geographic name as entry element Ethics
700 ## - ADDED ENTRY--PERSONAL NAME
9 (RLIN) 9450
Personal name Zinaich, Samuel, Jr
Relator term Author
365 ## - TRADE PRICE
Price amount 399.00
Currency code Php
942 ## - ADDED ENTRY ELEMENTS (KOHA)
Source of classification or shelving scheme Dewey Decimal Classification
Koha item type Circulation
Holdings
Withdrawn status Lost status Source of classification or shelving scheme Damaged status Not for loan Collection code Home library Current library Date acquired Source of acquisition Total Checkouts Full call number Barcode Date last seen Date last checked out Copy number Price effective from Koha item type Cost, replacement price
    Dewey Decimal Classification     Circulation UM Digos College - LIC UM Digos College - LIC 09/29/2007 Purchased 1 DC 174 R78 2003 19293 05/15/2025 04/23/2018 1 05/27/2016 Circulation  
    Dewey Decimal Classification     Circulation UM Digos College - LIC UM Digos College - LIC 09/29/2007 Purchased 1 DC 174 R78 2003 19294 05/15/2025 04/30/2018 2 05/27/2016 Circulation  
    Dewey Decimal Classification     Circulation UM Digos College - LIC UM Digos College - LIC 01/10/2007 Purchased   DC 174 R78 2003 18890 05/15/2025   3 06/04/2016 Circulation  
    Dewey Decimal Classification     Circulation UM Digos College - LIC UM Digos College - LIC 09/24/2010 Purchase   DC 174 R78 2003 21108 05/15/2025     06/09/2020 Circulation 3500.00